Vybrané aspekty IT governance v podnikoch v Slovenskej republike
Definícia IT Governance: rámec rozhodovacích práv a zodpovedností s cieľom podporiť žiaduce správanie pri využívaní IS/IT. Základné rozdiely medzi IT manažmentom a IT Governance. Postavenie IS/IT v podniku - výsledky dotazníkového prieskumu zo Slovenska na vzorke 363 podnikov.
Salvato in:
| Autore principale: | |
|---|---|
| Altri autori: | , |
| Natura: | Capitolo di libro |
| Lingua: | slovacco |
| Soggetti: | |
| Tags: |
Nessun Tag, puoi essere il primo ad aggiungerne!!
|
MARC
| LEADER | 00000naa$a2200000$$$4500 | ||
|---|---|---|---|
| 001 | 0249964 | ||
| 005 | 20240502083713.1 | ||
| 041 | 0 | |a slo | |
| 044 | |a CZ | ||
| 245 | 1 | 0 | |a Vybrané aspekty IT governance v podnikoch v Slovenskej republike |c Anita Romanová, Vladimír Bolek, František Korček |
| 520 | |a Definícia IT Governance: rámec rozhodovacích práv a zodpovedností s cieľom podporiť žiaduce správanie pri využívaní IS/IT. Základné rozdiely medzi IT manažmentom a IT Governance. Postavenie IS/IT v podniku - výsledky dotazníkového prieskumu zo Slovenska na vzorke 363 podnikov. | ||
| 610 | 2 | 0 | |a podnik |
| 610 | 2 | 0 | |a konkurencieschopnosť |
| 610 | 2 | 0 | |a manažment informačný |
| 610 | 2 | 0 | |a technológie informačné |
| 610 | 2 | 0 | |a služby informačné |
| 610 | 2 | 0 | |a štruktúra podniku organizačná |
| 610 | 2 | 0 | |a Slovensko |
| 610 | 2 | 0 | |a prieskum |
| 100 | 1 | |a Romanová, Anita, 1973- | |
| 700 | 1 | |a Bolek, Vladimír, 1988- | |
| 700 | 1 | |a Korček, František | |